000 00594nam a22001337a 4500
040 _cRUA
082 _aMGR SON 2022 B429 Or.
100 _aSONG KHEANG សុង​ ឃាង
245 _aPOTENTIALS OF POTATO PRODUCTION IN EAST UNPLAND REGION OF NORTHEAST CAMBODIA សក្កានុពលដំណាំដំឡូងបារាំងនៅក្នុងតំបន់ខ្ពស់រាបភាគ
260 _aPhnom Penh
_bRUA
_c2022
300 _aXIII 53P
_bIX
_c29CM
856 _uhttps://drive.google.com/file/d/1W2hUEWNwtA6wmEjn4npD7HU9pXBkNqo7/view?usp=sharing
942 _cNRM
999 _c21312
_d21312